Equipe de Liqui Moly Starligue 2025-2026 - Statistiques

Statistiques générales
  • Ce quiz a été pris 22 fois
  • Le résultat moyen est 12 sur 16
Statistiques - réponses
Les équipes % Correct
Paris
100%
Montpellier
94%
Nantes
94%
Toulouse
89%
Cesson
83%
Aix
78%
Chambery
78%
Dunkerque
72%
Istres
72%
Limoges
72%
Saint Raphael
72%
Dijon
67%
Nimes
67%
Tremblay
67%
Selestat
61%
Chartres
56%
Aucun quiz correspondant
Distribution des résultats
% des personnes avec chaque résultat
Percentile par nombre de réponses
Votre historique - résultats
Vous n’avez pas pris ce quiz